| 000 | 01203cam a2200229 4500 | ||
|---|---|---|---|
| 001 | WB3829-04 | ||
| 008 | 020808n2002 000 0 eng u | ||
| 035 | _a(Sirsi) u119249 | ||
| 245 | _a'Mega' deals drive regional office take-up | ||
| 260 | _c2002 | ||
| 490 |
_aAtis Real Weatheralls News Release _v 5 August 2002 (1) |
||
| 520 | _aSeveral major deals have boosted office take-up figures across the UK's regions for the first half of 2002 - an increase of 21% on the same period last year. According to the latest "UK offices survey" by Atis Real Weatheralls take-up across the 20 key centres stood at 5.2m sq ft (483 080 sq m) in the year to July 2002, against 4.3m sq ft (399 470 sq m) during the same period last year. The number of transactions fell but the take-up figure was boosted by a series of so-called 'mega' deals. Weatheralls news release http://213.130.62.17/atis/Press.php?action=ShowArticle&ID=146 | ||
| 590 | _aWB | ||
| 650 | _aOFFICE TAKE-UP | ||
| 650 | _aOFFICE SPACE | ||
| 650 | _aOFFICE OCCUPIERS | ||
| 650 | _aDEALS | ||
| 650 | _aRENTS | ||
| 650 | _aPROPERTY-COMMERCIAL PROPERTY-COMMERCIAL PROPERTY MARKET | ||
| 690 | _aPROPERTY-COMMERCIAL PROPERTY | ||
| 942 | _n0 | ||
| 999 |
_c70921 _d70921 |
||